Centroamérica: Agenda para la modernización industrial /
Uloženo v:
| Korporace: | , |
|---|---|
| Médium: | Text |
| Vydáno: |
s.l.:
CEPAL
|
| Tagy: |
Přidat tag
Žádné tagy, Buďte první, kdo vytvoří štítek k tomuto záznamu!
|
MARC
| LEADER | 00000 a a2200000 04500 | ||
|---|---|---|---|
| 001 | 23188 | ||
| 003 | |||
| 040 | |||
| 090 | |a 160200 | ||
| 110 | |a CEPAL | ||
| 245 | |a Centroamérica: Agenda para la modernización industrial / |c CEPAL | ||
| 260 | |a s.l.: |b CEPAL | ||
| 300 | |a 120 p. |b **no definido** |b fonodiscos | ||
| 710 | |a ONUDI | ||
| 999 | |c 13767 |d 13767 | ||
